000 00781nam a2200253Ia 4500
003 OSt
005 20221005074401.0
006 a|||||r|||| 00| 0
007 ta
008 221004b |||||||| |||| 00| 0 urd d
020 _c1100.00
024 _a1069
037 _b5549/5, 19/03/2009, Modern Publishing House
_cTextual
040 _aCRL
_cCRL
_burd
041 _2urd
_aurd
082 _aV2:2:9Z, 168P6
100 _aMuntaqim Khwaja Abdul Au.
245 0 _aBharat ka aayeen
_b Constitution of india
260 _aNew Delhi
_bM.R. Publication India
_c2006
300 _a583p.
_ccm.
650 _aINDIA - HISTORY
942 _hV2:2:9Z, 168P6
_cTEXL
_2cc
999 _c982605
_d982605